Potabilización del agua: (Registro nro. 17721)
[ vista simple ]
| 000 -CABECERA | |
|---|---|
| Campo de control | 01832nam a22003017a 4500 |
| 005 - FECHA Y HORA DE LA ULTIMA TRANSACCION | |
| Campo de control | 20180803170149.0 |
| 008 - ELEMENTOS DE LONGITUD FIJA—INFORMACION GENERAL | |
| Campo de control | 150827t2015 ck |||||r|||| 00| 0 spa d |
| 020 ## - ISBN | |
| ISBN | 9789588537917 |
| 040 ## - FUENTE DE CATALOGACIÓN | |
| Agencia catalogadora original | CO-BoIAVH |
| Agencia transcriptora | CO-BoIAVH |
| 041 0# - IDIOMA | |
| Código de idioma para texto/pista de sonido o título separado | Español |
| 044 ## - PAÍS DE PUBLICACIÓN | |
| País de publicación | Colombia |
| 082 04 - NUMERO DE CLASIFICACION DECIMAL DEWEY | |
| Número de clasificación | 623.8542 |
| Número del ítem | L92p |
| 100 1# - ASIENTO PRINCIPAL--NOMBRE PERSONAL | |
| Nombre personal | Lozano-Rivas, William Antonio |
| 9 (RLIN) | 37518 |
| 245 1# - MENCION DE TITULO | |
| Título | Potabilización del agua: |
| Parte restante del título | Principios de diseño, control de procesos y laboratorio / |
| Mención de responsabilidad | William Antonio, Lozano-Rivas y Guillermo Lozano Bravo. |
| 260 ## - PUBLICACION, DISTRIBUCION, ETC. (PIE DE IMPRENTA) | |
| Lugar de publicación, distribución, etc. | Bogotá (Colombia): |
| Nombre del editor, distribuidor, etc. | Universidad Piloto de Colombia, |
| Fecha de publicación, distribución, etc. | 2015. |
| 300 ## - DESCRIPCION FISICA | |
| Extensión | 370 p. |
| Otros detalles físicos | ilustraciones, tablas y gráficas. |
| Dimensiones | 24 cm |
| 500 ## - NOTA GENERAL | |
| Nota general | Incluye anexos. |
| 504 ## - NOTA DE BIBLIOGRAFIA, ETC. | |
| Nota de bibliografía | Incluye referencias bibliográficas (Páginas 347-352). |
| 505 ## - NOTA DE CONTENIDO | |
| Nota de contenido | 1. Generalidades de la calidad del agua para consumo humano.<br/>2. Generalidades de la potabilización.<br/>3. Dotación, caudales y periodo de diseño.<br/>4. Diseño de unidades preliminares.<br/>5. Diseño del canal de entrada.<br/>6. Fundamentos de los procesos de clarificación.<br/>7. Diseño de mezcladores rápidos.<br/>8. Diseño de mezcladores lentos o flocuadores.<br/>9. Diseño de sedimentadores.<br/>10. Diseño de unidades de filtración.<br/>11. Desinfección.<br/>12. Tratamiento de los lodos en la potabilización.<br/>13. Errores más frecuentes de diseño y operación.<br/>14. Pruebas de jarras, ensayos de tratabilidad y pruebas de campo: datos para el diseño y el control de la potabilización. |
| 650 #6 - ASIENTO SECUNDARIO DE MATERIA - TERMINO TEMATICO | |
| Término temático o nombre geográfico como elemento de entrada | Agua potable |
| 9 (RLIN) | 100946 |
| 650 #6 - ASIENTO SECUNDARIO DE MATERIA - TERMINO TEMATICO | |
| Término temático o nombre geográfico como elemento de entrada | Procesos de potabilización del agua |
| Subdivisión general | Cálculos. |
| 9 (RLIN) | 37715 |
| 650 #6 - ASIENTO SECUNDARIO DE MATERIA - TERMINO TEMATICO | |
| Término temático o nombre geográfico como elemento de entrada | Potabilización del agua |
| 9 (RLIN) | 37716 |
| 650 #6 - ASIENTO SECUNDARIO DE MATERIA - TERMINO TEMATICO | |
| Término temático o nombre geográfico como elemento de entrada | Potabilización del agua |
| Subdivisión general | Procesos |
| 9 (RLIN) | 37717 |
| 650 #6 - ASIENTO SECUNDARIO DE MATERIA - TERMINO TEMATICO | |
| Término temático o nombre geográfico como elemento de entrada | Potabilización del agua |
| Subdivisión general | Herramientas |
| 9 (RLIN) | 37718 |
| 650 #6 - ASIENTO SECUNDARIO DE MATERIA - TERMINO TEMATICO | |
| Término temático o nombre geográfico como elemento de entrada | Potabilización del agua |
| Subdivisión general | Desinfección |
| 9 (RLIN) | 37719 |
| 700 1# - ASIENTO SECUNDARIO - NOMBRE PERSONAL | |
| Nombre personal | Lozano Bravo, Guillermo |
| 9 (RLIN) | 37525 |
| 942 ## - ELEMENTOS ADICIONALES (KOHA) | |
| Sistema de clasificación | Dewey Decimal Classification |
| Tipo de ítem | Libro |
| Withdrawn status | Lost status | Sistema de Clasificación | Damaged status | No para préstamo | Colección | Inventariado | Ubicación Permanente | Ubicación actual | Fecha de adquisición | Fuente de Valor | Valor | Total Checkouts | Número topográfico | Inventario / Código de Barras | Date last seen | Ejemplar | Price effective from | Forma de adquisición | Tipo de material |
|---|---|---|---|---|---|---|---|---|---|---|---|---|---|---|---|---|---|---|---|
| Dewey Decimal Classification | General | Inventariado 2017 | Bogotá | Bogotá | 27/08/2015 | Instituto | 39000.00 | LB-623.8542 L92p | 042135 | 27/08/2015 | Ej. 1 | 27/08/2015 | Libro |